000 00593nam a2200169Ia 4500
008 230917s9999||||xx |||||||||||||| ||und||
020 _cRS600
040 _e254041
_aMAIN
041 _aEnglish
082 _a891.43301731 SR44A
100 _aसांभरिया, रत्नकुमार
245 0 _aएयरगन का घोड़ा
260 _aनई दिल्ली सजंय प्रकाशन
_bअनामिका पब्लिशर्स
_c2015
300 _a240 पृ. p.
500 _a3406 18/01/2019 HBD19/7645 24/01/2019 Main Budget
942 _cBK
999 _c30171
_d30171